[Event "SVK-chT1W 0102"]
[Site "Slovakia"]
[Date "2002.??.??"]
[Round "3"]
[White "Kosa, Milan"]
[Black "Janko, Michal"]
[Result "1/2-1/2"]
[WhiteElo "1950"]
[BlackElo "1872"]
[PlyCount "102"]
[EventDate "2001.10.??"]
[EventType "team-tourn"]
[EventRounds "11"]
[EventCountry "SVK"]
[SourceTitle "EXT 2007"]
[Source "ChessBase"]
[SourceDate "2006.11.23"]
[SourceVersion "1"]
[SourceVersionDate "2006.11.23"]
[SourceQuality "1"]

1. e4 c5 2. Nf3 Nc6 3. Bb5 g6 4. 0-0 Bg7 5. Re1 e6 6. c3 Nge7 7. d4 cxd4 8. cxd4 Qb6 9. Bxc6 Nxc6 10. e5 0-0 11. Nc3 d6 12. Qd3 dxe5 13. dxe5 Rd8 14. Qe4 Qb4 15. Bg5 Qxe4 16. Nxe4 Rd5 17. Nf6+ Bxf6 18. Bxf6 Nb4 19. Re4 Na6 20. Rc1 Bd7 21. Rec4 b6 22. h3 Nc5 23. Ng5 Bb5 24. R4c3 Bd7 25. Rc4 Bb5 26. Rh4 h5 27. Nf3 Nd7 28. Rf4 Nxf6 29. Rxf6 Rad8 30. Ng5 Rd1+ 31. Rxd1 Rxd1+ 32. Kh2 Be8 33. Ne4 Re1 34. Rf4 Re2 35. Nd6 Kf8 36. Rc4 Bd7 37. Rc7 Ke7 38. Rxa7 Rxe5 39. Nc8+ Kd8 40. Nxb6 Bc6 41. Rxf7 Rb5 42. Rf8+ Ke7 43. Rb8 Kf7 44. b3 e5 45. a4 Rxb3 46. Nd7 Rxb8 47. Nxb8 Bxa4 48. Na6 Bb5 49. Nc5 Bc6 50. h4 Kf6 51. Nd3 Kf5 1/2-1/2